[Event "Skopje ol (Men) fin-A"]
[Site "Skopje"]
[Date "1972.10.07"]
[Round "10.2"]
[White "Lombard, Andre"]
[Black "Malich, Burkhard"]
[Result "0-1"]
[WhiteElo "2380"]
[BlackElo "2490"]

1. c4 e5 2. Nc3 Nf6 3. e3 Bb4 4. Nge2 O-O 5. a3 Be7 6. d4 d6 7. g3 c6 8. Bg2  Qc7 9. O-O Re8 10. e4 Nbd7 11. d5 a6 12. h3 cxd5 13. cxd5 b5 14. Be3 Qb7 15. g4  Nb6 16. b3 Bd7 17. f4 Rec8 18. f5 h6 19. Bf3 a5 20. Qe1 a4 21. b4 Nc4 22. Bf2  Bd8 23. Ng3 Nh7 24. Be2 Bb6 25. Bxc4 Rxc4 26. Kg2 Rac8 27. Rc1 Qa7 28. Bxb6  Qxb6 29. Qd2 Qd4 30. Qxd4 exd4 31. Na2 d3 32. Rxc4 Rxc4 33. Rf2 Ng5 34. Rd2 h5  35. gxh5 Nxe4 36. Nxe4 Rxe4 37. f6 Re3 38. fxg7 Kxg7 39. Nc3 f5 40. h4 Kh6 41.  Kf2 f4 42. Nd1 Rh3 43. Nc3 Kxh5 44. Ne4 Bg4 45. Nxd6 Rh2+ 46. Ke1 Be2 47. Ne4  Kg4 48. d6 Kf3 0-1

[Event "Skopje ol (Men) fin-A"]
[Site "Skopje"]
[Date "1972.10.07"]
[Round "10.2"]
[White "Rubinetti, Jorge Alberto"]
[Black "Zuidema, Coenraad"]
[Result "0-1"]
[WhiteElo "2410"]
[BlackElo "2430"]

1. e4 e5 2. Nf3 Nc6 3. Bb5 a6 4. Ba4 Nf6 5. O-O Be7 6. Re1 b5 7. Bb3 d6 8. c3  O-O 9. h3 Nb8 10. d4 Nbd7 11. Nbd2 Bb7 12. Bc2 Re8 13. Nf1 Bf8 14. Ng3 g6 15.  Bd2 c5 16. d5 Bg7 17. Qc1 Kh8 18. Bg5 Qe7 19. Nh2 Qf8 20. Ng4 Ng8 21. h4 h5 22.  Nh2 Nb6 23. Qd1 f6 24. Be3 Bh6 25. Nhf1 Bc8 26. Bd3 Bd7 27. Qd2 Bxe3 28. Nxe3  Qh6 29. f3 Qf4 30. Kf2 Qxh4 31. Rh1 Qg5 32. Rh2 Re7 33. Rah1 Rh7 34. Rh4 Rf8  35. Qd1 Ne7 36. Nef5 Nbc8 37. R1h2 Be8 38. Ne3 Nb6 39. Qh1 Rff7 40. Be2 Rfg7  41. Ngf1 f5 42. Nd2 f4 43. Nd1 Ng8 44. Bd3 c4 45. Bc2 Qd8 46. Ke2 Nf6 47. Nf2  Bd7 48. Nf1 g5 49. Rxh5 Nxh5 50. Rxh5 Qe8 51. Rh6 Kg8 52. Ng4 Bxg4 53. fxg4 Nd7  0-1

[Event "Skopje ol (Men) fin-A"]
[Site "Skopje"]
[Date "1972.10.07"]
[Round "10.2"]
[White "Smejkal, Jan"]
[Black "Tringov, Georgi P"]
[Result "1-0"]
[WhiteElo "2545"]
[BlackElo "2460"]

1. c4 g6 2. Nf3 Bg7 3. d4 Nf6 4. g3 O-O 5. Bg2 d6 6. O-O Nc6 7. Nc3 Bg4 8. d5  Na5 9. Nd2 c5 10. Qc2 e5 11. dxe6 Bxe6 12. b3 d5 13. cxd5 Nxd5 14. Bb2 Nc6 15.  Nxd5 Bxb2 16. Qxb2 Bxd5 17. Ne4 Bxe4 18. Bxe4 Rc8 19. Bg2 Qe7 20. Rad1 Rfd8 21.  Rxd8+ Nxd8 22. h4 Nc6 23. e3 b6 24. h5 Qg5 25. Rd1 Rd8 26. Qe2 Na5 27. Rxd8+  Qxd8 28. h6 Qf8 29. Qa6 Qxh6 30. Qxa7 g5 31. Bd5 Qf6 32. g4 Kg7 33. Qd7 Kf8 34.  a3 Qe7 35. Qxe7+ Kxe7 36. b4 Kd6 37. bxa5 Kxd5 38. axb6 Kc6 39. Kf1 Kxb6 40.  Ke2 Kb5 41. Kd3 1-0

[Event "Skopje ol (Men) fin-A"]
[Site "Skopje"]
[Date "1972.10.07"]
[Round "10.3"]
[White "Filipowicz, Andrzej"]
[Black "Liljedahl, Lennart"]
[Result "1/2-1/2"]
[WhiteElo "2405"]
[BlackElo "2260"]

1. e4 Nf6 2. e5 Nd5 3. Nc3 e6 4. d4 d6 5. Nf3 Nc6 6. Nxd5 exd5 7. Bb5 Bd7 8.  O-O Be7 9. exd6 cxd6 10. c3 O-O 11. Bd3 Na5 12. Re1 Re8 13. Bf4 g6 14. h3 Rc8  15. Re2 Qb6 16. Qf1 Bf8 17. Rae1 f6 18. Bc1 Rxe2 19. Rxe2 Re8 20. Rxe8 Bxe8 21.  Qe2 Qd8 22. Nh2 Qe7 23. Ng4 f5 24. Nf6+ Qxf6 25. Qxe8 Qe7 26. Qxe7 Bxe7 27. g4  fxg4 28. hxg4 Kf7 29. Kg2 Nc6 30. Be2 Bf6 31. f4 h6 32. Bf3 Ne7 33. Kf2 Bh4+  34. Ke2 g5 35. b3 Ke6 36. c4 gxf4 37. Bxf4 Bg5 38. Bg3 Bc1 39. Kd3 Bg5 40. a4  Bc1 41. a5 Bg5 42. Kc3 Kd7 43. cxd5 Ng8 44. Kc4 Kc7 45. Kb5 a6+ 46. Kc4 Nf6 47.  b4 Bd2 48. Bh4 Bg5 49. Be1 Bf4 50. b5 axb5+ 51. Kxb5 Bg5 52. Kc4 Kd7 53. Kd3  Kd8 54. Bg3 Kc7 55. Bf2 Kd8 56. Be1 Kc7 1/2-1/2

[Event "Skopje ol (Men) fin-A"]
[Site "Skopje"]
[Date "1972.10.07"]
[Round "10.3"]
[White "Ghizdavu, Dumitru"]
[Black "Toran Albero, Roman"]
[Result "1-0"]
[WhiteElo "2385"]
[BlackElo "2420"]

1. e4 c5 2. Nf3 d6 3. d4 cxd4 4. Nxd4 Nf6 5. Nc3 e6 6. g4 h6 7. Rg1 Nc6 8. Be3  Bd7 9. Be2 a6 10. h4 g6 11. g5 hxg5 12. hxg5 Nh5 13. Qd2 Qc7 14. O-O-O Na5 15.  f4 b5 16. f5 Nc4 17. Bxc4 Qxc4 18. fxe6 fxe6 19. Kb1 Rc8 20. e5 d5 21. Nce2 Qc7  22. Qd3 Rg8 23. Bf4 Qb6 24. Rdf1 b4 25. Qf3 Bc5 26. Be3 Rf8 27. Qg4 Rf5 28.  Nxf5 exf5 29. Bxc5 Qxc5 30. Qd4 Bb5 31. Qxc5 Rxc5 32. Re1 Bxe2 33. Rxe2 Ke7 34.  e6 Rc6 35. Re5 Nf4 36. Rh1 Rxe6 37. Rh7+ Kd6 38. Rxe6+ Nxe6 39. Rh6 Nf8 40. Rh8  Ne6 41. Rg8 Nxg5 42. Rxg6+ Ne6 43. Kc1 a5 44. Kd2 Ke5 45. Rg8 Nd4 46. Kd3 f4  47. Ra8 Nc6 48. Ra6 Kd6 49. Ke2 Kc7 50. Ra8 Kd6 51. Rh8 Ke5 52. Kd3 Nd4 53. Ra8  Nc6 54. Rc8 Kd6 55. Re8 Ne5+ 56. Ke2 Nc6 57. Kf3 a4 58. Kxf4 b3 59. cxb3 axb3  60. a3 Na5 61. Rb8 Kc6 62. a4 Nb7 63. Ke5 Nc5 64. Rc8+ Kb6 65. Kxd5 1-0

[Event "Skopje ol (Men) fin-A"]
[Site "Skopje"]
[Date "1972.10.07"]
[Round "10.3"]
[White "Liebert, Heinz"]
[Black "Bhend, Edwin"]
[Result "1/2-1/2"]
[WhiteElo "2400"]
[BlackElo "2325"]

1. Nf3 g6 2. c4 Bg7 3. d4 f5 4. Nc3 Nf6 5. g3 d6 6. Bg2 O-O 7. O-O c6 8. b3 Na6  9. Bb2 Qe8 10. Re1 h6 11. d5 Bd7 12. Nd2 Qf7 13. f4 Nc7 14. e4 Nxe4 15. Ndxe4  fxe4 16. Bxe4 c5 17. Qd2 Rae8 18. Nd1 Bxb2 19. Nxb2 Qg7 20. Nd3 b6 21. Nf2 Rf6  22. Bg2 Rf7 23. Rad1 Ref8 24. Re2 Ne8 25. Rde1 Kh8 26. Bh3 Bxh3 27. Nxh3 Nf6  28. Kg2 Ng8 29. Nf2 Rf5 30. Ng4 g5 31. Ne3 R5f7 32. f5 Nf6 33. g4 Nd7 34. h3  Ne5 35. Nf1 Kg8 36. Ng3 Qh8 37. Nh5 Rh7 38. Re4 Rd8 39. R1e3 Kf7 40. Qe2 Ke8  41. Qb2 Kd7 42. Qa3 Ra8 43. Ng3 Kc7 44. Qc1 Re8 45. Qc3 Rf7 46. a3 a5 47. a4  Ref8 48. Rxe5 dxe5 49. Rxe5 Rd8 50. Ne4 Kb7 51. Ng3 Ka6 52. Qe3 Rh7 53. Qe2 Rg8  54. Nh5 Rf8 55. Kf2 Rhf7 56. Qe4 Rd8 57. Ke2 Rff8 58. Kd2 e6 59. Rxe6 Qb2+ 60.  Qc2 Qd4+ 61. Qd3 Qb2+ 62. Ke1 Rfe8 63. Qe2 Rxe6 64. fxe6 Qc3+ 65. Kf2 Qxh3 66.  Ng3 Qh2+ 67. Kf3 Rf8+ 68. Nf5 Rxf5+ 69. gxf5 g4+ 70. Ke3 g3 71. e7 g2 72. e8=Q  g1=Q+ 73. Kd2 1/2-1/2

[Event "Skopje ol (Men) fin-A"]
[Site "Skopje"]
[Date "1972.10.07"]
[Round "10.3"]
[White "Pfleger, Helmut"]
[Black "Ljubojevic, Ljubomir"]
[Result "1/2-1/2"]
[WhiteElo "2545"]
[BlackElo "2550"]

1. d4 g6 2. Nf3 Bg7 3. e4 d6 4. Nc3 Bg4 5. Be2 Nc6 6. Be3 e5 7. dxe5 dxe5 8.  Qxd8+ Rxd8 9. Nd5 Rd7 10. O-O-O a6 11. c3 Nf6 12. Nxf6+ Bxf6 13. Rxd7 Kxd7 14.  Bc4 Nd8 15. Ng5 Ke7 16. h3 Bc8 17. Rd1 Ne6 18. Nxe6 Bxe6 19. Bc5+ Ke8 20. Bxe6  fxe6 21. a4 Be7 22. Be3 Rf8 23. Kc2 Rf7 24. b4 Bh4 25. f3 Rd7 26. Rb1 Bg3  1/2-1/2

[Event "Skopje ol (Men) fin-A"]
[Site "Skopje"]
[Date "1972.10.07"]
[Round "10.3"]
[White "Radulov, Ivan"]
[Black "Filip, Miroslav"]
[Result "1/2-1/2"]
[WhiteElo "2490"]
[BlackElo "2510"]

1. e4 c6 2. d4 d5 3. Nc3 dxe4 4. Nxe4 Nd7 5. Bc4 Ngf6 6. Ng5 e6 7. Qe2 Nb6 8.  Bd3 h6 9. N5f3 c5 10. dxc5 Nbd7 11. Ne5 Nxe5 12. Qxe5 Qa5+ 13. Bd2 Qxc5 14. Nf3  Qxe5+ 15. Nxe5 Bd6 16. Nc4 Bc5 17. f4 b6 18. O-O-O O-O 19. Rhe1 Rd8 20. Ne5 Bb7  21. g4 Nd7 22. Nxd7 Rxd7 23. f5 exf5 24. Bxf5 Re7 25. Rxe7 Bxe7 26. Bf4 Rd8 27.  Re1 Kf8 28. Bc7 Bg5+ 29. Kb1 Bh4 30. Rf1 Re8 31. a4 Re1+ 32. Rxe1 Bxe1 33. Bd8  a5 34. Bxb6 1/2-1/2

[Event "Skopje ol (Men) fin-A"]
[Site "Skopje"]
[Date "1972.10.07"]
[Round "10.4"]
[White "Bellon Lopez, Juan Manuel"]
[Black "Partos, Charles"]
[Result "1-0"]
[WhiteElo "2385"]
[BlackElo "2425"]

1. b3 e5 2. Bb2 d6 3. g3 g6 4. d4 Bg7 5. dxe5 Nd7 6. Nf3 Ne7 7. Na3 dxe5 8. Nc4  f6 9. Bg2 O-O 10. Ba3 Qe8 11. e4 Rf7 12. Qd3 Bf8 13. O-O a5 14. Qd2 b6 15. Bh3  Nc6 16. Bxf8 Nxf8 17. Bxc8 Rxc8 18. Rad1 Ne6 19. c3 Rd8 20. Qc2 Rfd7 21. Ne3  Kg7 22. h4 Nc5 23. h5 Rxd1 24. Rxd1 Rxd1+ 25. Nxd1 gxh5 26. Ne3 Ne7 27. Nh4 Qd7  28. Nhf5+ Nxf5 29. Nxf5+ Kg6 30. Nh4+ Kf7 31. Qe2 Qg4 32. Qc4+ Kf8 33. Qd5 Qd7  34. Qa8+ Qe8 35. Qd5 Kg7 36. Nf5+ Kg6 37. Nh4+ Kg7 38. Nf5+ Kf8 39. Qd2 Kg8 40.  Qd5+ Kf8 41. Qd2 Kg8 42. b4 Qd7 43. Qe2 axb4 44. cxb4 Ne6 45. Qxh5 Ng5 46. a4  Kf8 47. Qh6+ Kf7 48. a5 Qd1+ 49. Kh2 Ke6 50. Ng7+ Ke7 51. Nh5 Nxe4 52. Qxh7+  Kd6 53. Qxe4 Qxh5+ 54. Kg2 f5 55. Qd3+ Ke7 56. a6 Qe8 57. Qd5 Kf6 58. a7 c6 59.  Qd6+ Kg5 60. Qb8 1-0

[Event "Skopje ol (Men) fin-A"]
[Site "Skopje"]
[Date "1972.10.07"]
[Round "10.4"]
[White "Enevoldsen, Jens"]
[Black "Savon, Vladimir A"]
[Result "1/2-1/2"]
[WhiteElo "2350"]
[BlackElo "2595"]

1. e4 c5 2. Nf3 d6 3. Bc4 Nf6 4. d3 e6 5. O-O Be7 6. Bb3 O-O 7. c3 Nc6 8. Nbd2  b5 9. Re1 Bb7 10. Nf1 Rc8 11. Ng3 Qc7 12. Bg5 Rfd8 13. Rc1 h6 14. Bf4 e5 15.  Bd2 Bf8 16. Nh4 d5 17. exd5 Nxd5 18. Ngf5 Nce7 19. Qg4 Kh7 20. Bc2 g6 21. Nxe7  Nxe7 22. Rcd1 Bg7 23. f4 exf4 24. Bxf4 Qd7 25. Qg3 Nf5 26. Nxf5 Qxf5 27. Re7  Rd7 28. Rde1 Rcd8 29. Qf2 Qd5 30. d4 cxd4 31. Bb3 Qf5 32. Bc7 Rxe7 33. Rxe7 Rf8  34. Qxf5 gxf5 35. Ba5 Be4 36. Bxf7 a6 37. Bb3 Kg6 38. Kf2 dxc3 39. bxc3 Rc8 40.  Re6+ Kh7 1/2-1/2

[Event "Skopje ol (Men) fin-A"]
[Site "Skopje"]
[Date "1972.10.07"]
[Round "10.4"]
[White "Matanovic, Aleksandar"]
[Black "Hecht, Hans Joachim"]
[Result "1-0"]
[WhiteElo "2515"]
[BlackElo "2485"]

1. e4 e5 2. Nf3 Nc6 3. Bb5 a6 4. Ba4 Nf6 5. O-O Be7 6. Re1 b5 7. Bb3 d6 8. c3  O-O 9. h3 Nb8 10. a4 Bb7 11. d3 Nbd7 12. axb5 axb5 13. Rxa8 Bxa8 14. Na3 Bc6  15. Nc2 Nc5 16. Nb4 Bb7 17. Ba2 Ne6 18. Nd5 Nxd5 19. Bxd5 c6 20. Bb3 Bf6 21. d4  Qe7 22. d5 Nc7 23. dxc6 Bxc6 24. Nh2 Rd8 25. Qf3 d5 26. exd5 Bxd5 27. Bxd5 Rxd5  28. Ng4 Bg5 29. Bxg5 Qxg5 30. Ne3 Rd8 31. Rd1 Ne6 32. Rxd8+ Qxd8 33. Qb7 Qe8  34. Nf5 g6 35. Nd6 Qf8 36. Nxb5 Qd8 37. g3 Kg7 38. Qe4 Qd1+ 39. Kg2 f6 40. Qb7+  Kh6 41. Qc6 Qb3 42. c4 Nd4 43. Nxd4 exd4 44. Qxf6 Qb7+ 45. Qf3 Qxb2 46. Qf8+  Kh5 47. Qf4 1-0

[Event "Skopje ol (Men) fin-A"]
[Site "Skopje"]
[Date "1972.10.07"]
[Round "10.4"]
[White "Uddenfeldt, Dan"]
[Black "Sydor, Andrzej"]
[Result "1/2-1/2"]
[WhiteElo "2270"]
[BlackElo "2390"]

1. d4 Nf6 2. Nf3 d5 3. c4 e6 4. Nc3 Bb4 5. e3 O-O 6. Bd3 Nc6 7. O-O a6 8. a3  dxc4 9. Bxc4 Bd6 10. h3 e5 11. b4 Bf5 12. Bb2 Re8 13. Qb3 Qe7 14. dxe5 Nxe5 15.  Nxe5 Qxe5 16. g3 Bxh3 17. Bxf7+ Kh8 18. Nd5 Qg5 19. Bxf6 gxf6 20. Nf4 Bxf1 21.  Bxe8 1/2-1/2

[Event "Skopje ol (Men) fin-A"]
[Site "Skopje"]
[Date "1972.10.08"]
[Round "11.1"]
[White "Garcia, Raimundo"]
[Black "Gheorghiu, Florin"]
[Result "0-1"]
[WhiteElo "2420"]
[BlackElo "2520"]

1. f4 g6 2. Nf3 Bg7 3. g3 c5 4. Bg2 d5 5. O-O Nc6 6. d3 Nf6 7. Nc3 d4 8. Na4  Qd6 9. e4 dxe3 10. Bxe3 b6 11. Ne5 Bb7 12. Nc4 Qc7 13. Bxc5 bxc5 14. Nxc5 Rc8  15. Nxb7 Qxb7 16. Ne5 Qb6+ 17. Rf2 Nxe5 18. fxe5 Bh6 19. Kf1 Be3 20. Bh3 Bxf2  21. Bxc8 Nd5 22. Qf3 Ne3+ 0-1

[Event "Skopje ol (Men) fin-A"]
[Site "Skopje"]
[Date "1972.10.08"]
[Round "11.1"]
[White "Gligoric, Svetozar"]
[Black "Petrosian, Tigran V"]
[Result "1/2-1/2"]
[WhiteElo "2575"]
[BlackElo "2645"]

1. d4 d5 2. c4 e6 3. Nc3 Be7 4. Nf3 Nf6 5. Bg5 O-O 6. e3 b6 7. cxd5 exd5 8. Rc1  Be6 9. Ne5 Nfd7 10. Bxe7 Qxe7 11. Nd3 Nf6 12. Nf4 Rd8 13. Be2 c5 14. O-O Nc6  15. Bf3 Qd6 16. g3 a6 17. Re1 Rac8 18. Bg2 Ne7 19. dxc5 Rxc5 20. Qd2 h6 21.  Nxe6 fxe6 22. Rcd1 b5 23. a3 Qc7 24. Qe2 e5 25. Rd2 e4 26. Red1 Rf8 27. f3 exf3  28. Bxf3 Qe5 29. e4 Rxc3 30. bxc3 dxe4 31. Rd4 Nc6 32. Rxe4 Nxe4 33. Qxe4 Qxe4  34. Bxe4 Ne5 35. Bb7 Rf6 36. Rd8+ Kf7 37. Ra8 Nc4 38. Bd5+ Ke7 39. Bxc4 bxc4  40. Rc8 Rb6 41. Rxc4 Rb2 1/2-1/2

[Event "Skopje ol (Men) fin-A"]
[Site "Skopje"]
[Date "1972.10.08"]
[Round "11.1"]
[White "Hamann, Svend"]
[Black "Bobotsov, Milko G"]
[Result "1/2-1/2"]
[WhiteElo "2490"]
[BlackElo "2455"]

1. d4 Nf6 2. c4 e6 3. Nf3 b6 4. e3 Bb7 5. Bd3 d5 6. O-O Be7 7. b3 O-O 8. Bb2 c5  9. Nbd2 Nbd7 10. Qe2 Ne4 11. Rfd1 cxd4 12. Nxd4 Nxd2 13. Rxd2 Nf6 14. Nf3 Bb4  15. Rdd1 Qe7 16. Ne5 Ba3 17. Bxa3 Qxa3 1/2-1/2

[Event "Skopje ol (Men) fin-A"]
[Site "Skopje"]
[Date "1972.10.08"]
[Round "11.1"]
[White "Hort, Vlastimil"]
[Black "Uhlmann, Wolfgang"]
[Result "1/2-1/2"]
[WhiteElo "2600"]
[BlackElo "2560"]

1. e4 e6 2. d4 d5 3. Nc3 Bb4 4. Nge2 dxe4 5. a3 Be7 6. Nxe4 Nf6 7. N2g3 Nc6 8.  c3 e5 9. Nxf6+ Bxf6 10. d5 Ne7 11. Bc4 O-O 12. O-O Nf5 13. Nxf5 Bxf5 14. Be3  Bg5 15. Qh5 Bxe3 16. Qxf5 1/2-1/2

[Event "Skopje ol (Men) fin-A"]
[Site "Skopje"]
[Date "1972.10.08"]
[Round "11.1"]
[White "Hug, Werner"]
[Black "Schmidt, Wlodzimierz"]
[Result "1/2-1/2"]
[WhiteElo "2475"]
[BlackElo "2450"]

1. c4 c5 2. g3 g6 3. Bg2 Bg7 4. Nc3 Nc6 5. e3 e5 6. Nge2 Nge7 7. O-O O-O 8. d3  d6 9. b3 Rb8 10. Bb2 a6 11. Qd2 b5 12. Nd5 Nxd5 13. Bxd5 Ne7 14. Bg2 Bb7  1/2-1/2

[Event "Skopje ol (Men) fin-A"]
[Site "Skopje"]
[Date "1972.10.08"]
[Round "11.1"]
[White "Kavalek, Lubomir"]
[Black "Huebner, Robert"]
[Result "1/2-1/2"]
[WhiteElo "2555"]
[BlackElo "2590"]

1. e4 g6 2. d4 Bg7 3. Nf3 d6 4. Bc4 Nf6 5. Qe2 c6 6. Bb3 Bg4 7. Nbd2 O-O 8. h3  Bxf3 9. Nxf3 e5 10. dxe5 dxe5 11. O-O Nbd7 1/2-1/2

[Event "Skopje ol (Men) fin-A"]
[Site "Skopje"]
[Date "1972.10.08"]
[Round "11.2"]
[White "Bednarski, Jacek B"]
[Black "Lombard, Andre"]
[Result "0-1"]
[WhiteElo "2395"]
[BlackElo "2380"]

1. e4 c5 2. Nf3 e6 3. d4 cxd4 4. Nxd4 Nf6 5. Nc3 d6 6. Bc4 a6 7. Bb3 Be7 8. f4  O-O 9. Qf3 Nc6 10. Be3 Qc7 11. f5 Nxd4 12. Bxd4 b5 13. a3 Rb8 14. g4 b4 15.  axb4 Rxb4 16. O-O-O e5 17. Bf2 Bb7 18. Rhe1 Rb8 19. Rd3 Nd7 20. Ba7 Ra8 21. Be3  Rb8 22. f6 Rxb3 23. cxb3 Nxf6 24. Kb1 Qc6 25. Rf1 Rf8 26. g5 Ne8 27. Rc1 Qd7  28. Nd5 f6 29. Rf1 Bxd5 30. Rxd5 fxg5 31. Qg2 Nf6 32. Rdd1 g4 33. Bg5 Rb8 34.  Qe2 Qe6 35. Qc4 Kf7 36. Bxf6 gxf6 37. Rd5 Rb6 38. Qd3 h5 39. Rf5 Kg6 40. h3 Rb4  41. Qe2 Rxe4 42. Rxf6+ Qxf6 43. Qxe4+ Qf5 44. Qc2 Qxc2+ 45. Kxc2 g3 46. Rd1 d5  47. Rg1 h4 48. Ra1 Bc5 49. b4 Bd4 0-1

[Event "Skopje ol (Men) fin-A"]
[Site "Skopje"]
[Date "1972.10.08"]
[Round "11.2"]
[White "Bilek, Istvan"]
[Black "Diez del Corral, Jesus"]
[Result "1/2-1/2"]
[WhiteElo "2485"]
[BlackElo "2470"]

1. Nf3 Nf6 2. g3 g6 3. Bg2 Bg7 4. O-O O-O 5. d4 d6 6. b3 c6 7. Bb2 Bf5 8. Nbd2  Ne4 9. Nh4 Nxd2 10. Qxd2 Be6 11. f4 d5 12. h3 f5 13. Nf3 Kh8 14. Qe3 Bg8 15. g4  Nd7 16. g5 h5 17. Ne5 Bxe5 18. dxe5 Be6 19. Rfd1 Qb6 20. Bd4 Qc7 21. Bb2 Qb6  22. Qxb6 axb6 23. c4 Rfd8 24. cxd5 cxd5 25. b4 Nb8 26. Bd4 b5 27. a3 Nc6 28.  Bb2 d4 29. Bxc6 bxc6 30. Rxd4 Rxd4 31. Bxd4 Kg8 32. Kf2 Kf7 33. Bc5 Bd5 34. h4  Ke6 1/2-1/2

[Event "Skopje ol (Men) fin-A"]
[Site "Skopje"]
[Date "1972.10.08"]
[Round "11.2"]
[White "Ciocaltea, Victor"]
[Black "Emma, Jaime"]
[Result "1-0"]
[WhiteElo "2470"]
[BlackElo "2200"]

1. e4 c5 2. Nf3 d6 3. d4 cxd4 4. Nxd4 Nf6 5. Nc3 Nc6 6. g3 Bg4 7. f3 Bd7 8. Be3  Rc8 9. Nxc6 bxc6 10. Qd2 Qa5 11. g4 h6 12. a3 e6 13. h4 Be7 14. Rg1 Rb8 15. g5  Nh5 16. O-O-O d5 17. Nb1 Qc7 18. Qc3 Bd6 19. exd5 exd5 20. Re1 O-O 21. gxh6 g6  22. Rg5 f6 23. Rxg6+ Kf7 24. Bd3 Rfe8 25. Rgg1 Rxe3 26. Bg6+ Kf8 27. Rxe3 Bf4  28. Bxh5 1-0

[Event "Skopje ol (Men) fin-A"]
[Site "Skopje"]
[Date "1972.10.08"]
[Round "11.2"]
[White "Korchnoi, Viktor"]
[Black "Ivkov, Borislav"]
[Result "1/2-1/2"]
[WhiteElo "2640"]
[BlackElo "2520"]

1. c4 e6 2. g3 Nf6 3. Bg2 d5 4. Nf3 Be7 5. O-O O-O 6. d4 dxc4 7. Qc2 a6 8. a4  Nc6 9. Qxc4 Qd5 10. Nbd2 Rd8 11. e3 Qxc4 12. Nxc4 Bd7 13. Nfe5 Nxe5 14. Nxe5  Rab8 15. Nxd7 Rxd7 16. b3 Nd5 17. Bd2 Bb4 18. Bxb4 Nxb4 19. a5 c6 20. Rfc1 Nd5  21. Rc5 Kf8 22. Kf1 Rbd8 23. Rac1 h5 24. Ke2 g6 25. R1c4 Kg7 26. Bf3 Nf6 27.  Rc1 Nd5 28. h3 Nf6 29. g4 hxg4 30. hxg4 Rd6 31. g5 Nd5 32. Rh1 Nc7 33. Be4 Re8  34. Rh2 Rdd8 35. Rh1 Nd5 36. f4 Rh8 37. Rc4 Rxh1 38. Bxh1 Kf8 39. Bxd5 exd5 40.  Rc1 Ke7 41. Rh1 Rc8 42. Rh7 1/2-1/2

[Event "Skopje ol (Men) fin-A"]
[Site "Skopje"]
[Date "1972.10.08"]
[Round "11.2"]
[White "Malich, Burkhard"]
[Black "Smejkal, Jan"]
[Result "1/2-1/2"]
[WhiteElo "2490"]
[BlackElo "2545"]

1. c4 e5 2. Nc3 Nc6 3. Nf3 Nf6 4. e3 Bb4 5. Qc2 O-O 6. d3 Re8 7. Bd2 Bxc3 8.  Bxc3 d5 9. cxd5 Nxd5 10. Be2 Bf5 11. O-O Ncb4 12. Bxb4 Nxb4 13. Qc3 Nxd3 14.  Rfd1 Qe7 15. Bxd3 Bxd3 16. Qxd3 e4 17. Qe2 exf3 18. Qxf3 1/2-1/2

[Event "Skopje ol (Men) fin-A"]
[Site "Skopje"]
[Date "1972.10.08"]
[Round "11.2"]
[White "Radulov, Ivan"]
[Black "Sloth, Jorn"]
[Result "1-0"]
[WhiteElo "2490"]
[BlackElo "2385"]

1. e4 c6 2. d4 d5 3. Nc3 dxe4 4. Nxe4 Nd7 5. Bc4 Ngf6 6. Ng5 e6 7. Qe2 Nb6 8.  Bd3 h6 9. N5f3 c5 10. dxc5 Nbd7 11. Ne5 Nxe5 12. Qxe5 Qa5+ 13. Bd2 Qxc5 14. Nf3  Bd6 15. Qe2 b6 16. O-O-O Bb7 17. Be3 Qc7 18. Bb5+ Ke7 19. Nd4 Be5 20. Rhf1 Bxg2  21. Rg1 Bd5 22. f4 Bxf4 23. Nf5+ Kf8 24. Nxg7 Rc8 25. Bd3 Bxh2 26. Qf2 Be5 27.  Qh4 h5 28. Rdf1 Ng8 29. Bd4 Rh6 30. Nxh5 Qe7 31. Rxg8+ Kxg8 32. Qxe7 Bxd4 33.  Qxf7+ 1-0

[Event "Skopje ol (Men) fin-A"]
[Site "Skopje"]
[Date "1972.10.08"]
[Round "11.3"]
[White "Debarnot, Roberto Luis"]
[Black "Ungureanu, Emil"]
[Result "1/2-1/2"]
[WhiteElo "2375"]
[BlackElo "2410"]

1. d4 Nf6 2. c4 c5 3. Nf3 cxd4 4. Nxd4 e6 5. e3 Nc6 6. Nc3 Bb4 7. Be2 O-O 8.  O-O d5 9. cxd5 exd5 10. Ncb5 Ne5 11. b3 Qe7 12. a3 Bc5 13. Bb2 a6 14. Nc3 Rd8  15. Na4 Ba7 16. Bc3 Ne4 17. Ba5 Rd7 18. Rc1 b5 19. Nb6 Bxb6 20. Bxb6 Qd6 21. f4  Qxb6 22. fxe5 Rc7 23. Qd3 Be6 24. Bf3 Nc5 25. Qd2 Rac8 26. Nxe6 fxe6 27. Qd4  Nd7 28. Rxc7 Qxc7 29. Bg4 Qc6 30. Qb4 Rf8 1/2-1/2

[Event "Skopje ol (Men) fin-A"]
[Site "Skopje"]
[Date "1972.10.08"]
[Round "11.3"]
[White "Holm, Sejer"]
[Black "Padevsky, Nikola"]
[Result "0-1"]
[WhiteElo "2395"]
[BlackElo "2430"]

1. d4 Nf6 2. c4 e6 3. Nf3 d5 4. e3 c5 5. Nc3 Nc6 6. a3 Ne4 7. Qc2 Nxc3 8. bxc3  Be7 9. Bb2 O-O 10. Bd3 h6 11. O-O Na5 12. cxd5 exd5 13. Ne5 c4 14. Be2 Nc6 15.  Rad1 Qc7 16. f4 f5 17. Bf3 Be6 18. Kh1 Nxe5 19. dxe5 Rad8 20. Qe2 Qc6 21. h3  Kh7 22. g4 g6 23. Rg1 Rd7 24. Kh2 b5 25. gxf5 Bxf5 26. Qg2 Rfd8 27. Bc1 Bc5 28.  Qe2 Qe6 29. h4 Qe7 30. Qf2 h5 31. Rg5 Qf7 32. Rg2 Be7 33. Qe1 Be4 34. Bxe4 dxe4  35. Rd4 Bc5 36. Rg5 Be7 37. Rg1 Qf5 38. Rg2 Rd5 39. Rgd2 Rxd4 40. Rxd4 Qg4 41.  Qg3 Qe2+ 42. Qg2 Qe1 43. Rxd8 Qxh4+ 44. Kg1 Qe1+ 45. Kh2 Bxd8 46. Qxe4 Qe2+ 47.  Kh1 Qf1+ 48. Kh2 Qf2+ 49. Kh1 Qf1+ 50. Kh2 Qd3 51. Qb7+ Kh6 52. Qf7 h4 53. e4  Qc2+ 54. Kh3 Qd3+ 55. Kh2 Qc2+ 56. Kh3 Qd3+ 57. Kh2 Qc2+ 58. Kh3 Qd3+ 59. Kh2  Qg3+ 60. Kh1 Qh3+ 0-1

[Event "Skopje ol (Men) fin-A"]
[Site "Skopje"]
[Date "1972.10.08"]
[Round "11.4"]
[White "Csom, Istvan"]
[Black "Visier Segovia, Fernando"]
[Result "1-0"]
[WhiteElo "2485"]
[BlackElo "2365"]

1. Nf3 Nf6 2. g3 b5 3. Bg2 Bb7 4. O-O e6 5. d3 d5 6. Nbd2 Nbd7 7. b3 Bd6 8. Bb2  O-O 9. e4 dxe4 10. Ng5 c5 11. Ngxe4 Nxe4 12. Nxe4 Be5 13. Bxe5 Nxe5 14. Qh5 Qc7  15. Ng5 h6 16. Nxe6 fxe6 17. Bxb7 g6 18. Qe2 Qxb7 19. Qxe5 Qd5 20. Rae1 Rae8  21. Re4 Qxe5 22. Rxe5 Rf5 23. Rfe1 Kf7 24. Kf1 Rxe5 25. Rxe5 Rc8 26. h4 Ke7 27.  Ke2 Kd6 28. Re4 h5 29. f4 Rf8 30. c3 Rf5 31. Ke3 Rf8 32. Re5 Rf5 33. Ke4 a6 34.  a3 a5 35. b4 1-0

[Event "Skopje ol (Men) fin-A"]
[Site "Skopje"]
[Date "1972.10.08"]
[Round "11.4"]
[White "Peev, Peicho Chonev"]
[Black "Pedersen, Eigil"]
[Result "0-1"]
[WhiteElo "2425"]
[BlackElo "2370"]

1. d4 Nf6 2. c4 c5 3. d5 b5 4. a4 bxc4 5. Nc3 d6 6. e4 Ba6 7. f4 Nbd7 8. Nf3  Qb8 9. Qe2 Qb7 10. g3 e5 11. dxe6 fxe6 12. e5 Nd5 13. Nxd5 Qxd5 14. exd6 O-O-O  15. Bg2 Bxd6 16. Ng5 Qf5 17. O-O Nb8 18. Bh3 Qd3 19. Qxe6+ Kc7 20. Qf7+ Rd7 21.  Bxd7 Nxd7 22. Ne6+ Kc8 23. Ra3 c3 24. Re1 Bb7 25. Ng5 c4 26. Rxc3 Bc5+ 27. Be3  Qd2 0-1

[Event "Skopje ol (Men) fin-A"]
[Site "Skopje"]
[Date "1972.10.08"]
[Round "11.4"]
[White "Sydor, Andrzej"]
[Black "Gereben, Erno"]
[Result "1-0"]
[WhiteElo "2390"]
[BlackElo "2335"]

1. f4 d5 2. Nf3 Nf6 3. c3 c5 4. d3 Nc6 5. Qc2 g6 6. e4 Bg7 7. e5 Nd7 8. Be3 e6  9. Nbd2 O-O 10. h4 d4 11. Bf2 dxc3 12. bxc3 Ne7 13. h5 Nd5 14. g3 Qa5 15. Rc1  b5 16. hxg6 hxg6 17. Ne4 Bb7 18. Nfg5 Rfc8 19. Nxf7 Nb4 20. Qd2 Qxa2 21. Nfd6  Bxe4 22. dxe4 Rd8 23. cxb4 Qxd2+ 24. Kxd2 cxb4 25. Nb7 Nxe5+ 26. Nxd8 Rxd8+ 27.  Ke3 Ng4+ 28. Kf3 Nxf2 29. Kxf2 Bc3 30. Bxb5 Rd2+ 31. Kf3 1-0

[Event "Skopje ol (Men) fin-A"]
[Site "Skopje"]
[Date "1972.10.08"]
[Round "11.4"]
[White "Tal, Mikhail "]
[Black "Matulovic, Milan"]
[Result "1/2-1/2"]
[WhiteElo "2625"]
[BlackElo "2525"]

1. e4 d6 2. d4 g6 3. Bc4 Nf6 4. Qe2 Nc6 5. Nf3 Bg4 6. Bb5 Nd7 7. c3 e5 8. d5  Ncb8 9. h3 Bxf3 10. Qxf3 Be7 11. g3 Bg5 12. Nd2 h5 13. h4 Bh6 14. Nf1 Bxc1 15.  Rxc1 a6 16. Ba4 Kf8 17. Ne3 Nf6 18. O-O Nbd7 19. b4 Kg7 20. Bc2 a5 21. a3 axb4  22. cxb4 Nb6 23. Ra1 Qd7 24. Rfc1 Ra7 25. Bd3 Rha8 26. Rc3 Na4 27. Rc2 Nb6 28.  Rc3 Na4 29. Rc2 Nb6 1/2-1/2